Kinh tế Việt Nam trên đường phát triển Sách tham khảo
v.v...
Đã lưu trong:
| Tác giả chính: | |
|---|---|
| Định dạng: | Sách |
| Năm xuất bản: |
Tp HCM
Nxb Tp Hồ Chí Minh
1997
|
| Chủ đề: | |
| Tags: |
Thêm thẻ
Không có thẻ, Hãy là người đầu tiên gắn thẻ bản ghi này!
|
| LEADER | 00780nam a2200193 4500 | ||
|---|---|---|---|
| 082 | |a 330.09597 |b V500QU | ||
| 100 | |a Vũ Quang Việt | ||
| 245 | |a Kinh tế Việt Nam trên đường phát triển |c Vũ Quang Việt |b Sách tham khảo | ||
| 260 | |a Tp HCM |b Nxb Tp Hồ Chí Minh |c 1997 | ||
| 300 | |a 233 tr. |c 20 cm | ||
| 520 | |a v.v... | ||
| 653 | |a Kinh tế | ||
| 653 | |a VN | ||
| 653 | |a Phát triển | ||
| 653 | |a Sách TK | ||
| 942 | |2 ddc |c STK0 | ||
| 999 | |c 9306 |d 9306 | ||
| 952 | |0 0 |1 0 |2 ddc |4 0 |6 330_095970000000000_V500QU |7 0 |8 300 |9 74706 |a qbu |b qbu |c D2 |d 2015-05-08 |g 25000 |o 330.09597 V500QU |p 9287.c1 |r 0000-00-00 |w 2015-05-08 |y STK0 | ||
| 952 | |0 0 |1 0 |2 ddc |4 0 |6 330_095970000000000_V500QU |7 0 |8 300 |9 74707 |a qbu |b qbu |c D2 |d 2015-05-08 |g 25000 |o 330.09597 V500QU |p 9287.c2 |r 0000-00-00 |w 2015-05-08 |y STK0 | ||